000 00601nam a2200169Ia 4500
003 LK-CoDNM
008 010623t1978 xxu||||| |||| 00| 1 eng d
040 _aLK-CoDNM
_dLK-CoDNM
_eLK-CoDNM
041 _aeng
_asin
080 _a(x)362 KUR
245 _aකුරුණව ග්‍රාමයේ ප්‍ර‍ජා සංවර්ධන වැඩ පිළිවෙලක්
246 _aA community development project in Kurunawa village in the Kurunegala District
260 _bKurunawa rural development society
_c1978
300 _b26, 21.5 cm
650 _aMain Objectives
942 _cBK
999 _c110555
_d110555